[Event "XXVI Ogolnopolska Olimpiada Mlodziezy"]
[Site "Pulawy"]
[Date "2020.10.08"]
[Round "6.15"]
[White "Przybylski, Jan"]
[Black "Duda, Szymon"]
[Result "1-0"]
[WhiteElo "1398"]
[BlackElo "1529"]
[PlyCount "165"]
[EventDate "2020.10.04"]
[EventType "swiss"]
[Tiebreak "Sum of Buchholz+Median1 Buchholz+Sonneborn-Berger (Swiss)"]

1. e4 e5 2. Nf3 Nc6 3. d4 exd4 4. Nxd4 Nf6 5. Nxc6 bxc6 6. Bd3 d5 7. exd5 cxd5
8. O-O Be7 9. Nd2 O-O 10. h3 h6 11. Nf3 Bd6 12. Re1 Re8 13. b3 Bb7 14. Bb2 Ne4
15. c4 Bb4 16. Re3 dxc4 17. Bxc4 Bc5 18. Bd4 Bxd4 19. Qxd4 Qxd4 20. Nxd4 Nd6
21. Rxe8+ Rxe8 22. Rc1 Re7 23. Nb5 Nxb5 24. Bxb5 c6 25. Bd3 Kf8 26. Kf1 Re6 27.
Bc4 Re5 28. Re1 Rxe1+ 29. Kxe1 Ke7 30. Ke2 f5 31. Ke3 c5 32. g3 Bc6 33. f4 Bg2
34. h4 Bc6 35. Ba6 Be4 36. Bd3 Bxd3 37. Kxd3 Kd6 38. Kc4 Kc6 39. h5 a6 40. a3
Kd6 41. b4 cxb4 42. Kxb4 Kc6 43. a4 Kb6 44. a5+ Kc6 45. Kc4 Kd6 46. Kd4 Kc6 47.
Ke5 Kb5 48. Kxf5 Kxa5 49. Kg6 Kb5 50. Kxg7 a5 51. f5 a4 52. f6 a3 53. f7 a2 54.
f8=Q a1=Q+ 55. Qf6 Qc1 56. Qe5+ Ka6 57. Qd6+ Kb5 58. Qd3+ Kb6 59. Qg6+ Kb5 60.
g4 Qd2 61. Kh7 Ka5 62. Qxh6 Qd7+ 63. Qg7 Qd3+ 64. Kh6 Qd6+ 65. Qg6 Qf8+ 66. Kg5
Qd8+ 67. Qf6 Qg8+ 68. Kh6 Qb3 69. Qd8+ Ka6 70. Qa8+ Kb5 71. Qb8+ Kc4 72. Qxb3+
Kxb3 73. g5 Kc4 74. g6 Kd5 75. g7 Ke5 76. g8=Q Kf6 77. Qg5+ Ke6 78. Kg7 Kd6 79.
h6 Ke6 80. h7 Kd6 81. h8=Q Ke6 82. Qe8+ Kd6 83. Qge5# {Kd5} 1-0

[Event "XXVI Ogolnopolska Olimpiada Mlodziezy"]
[Site "Pulawy"]
[Date "2020.10.08"]
[Round "6.16"]
[White "Jaworski, Tymon"]
[Black "Hryniewicz, Maciej"]
[Result "1-0"]
[WhiteElo "1580"]
[BlackElo "1277"]
[PlyCount "99"]
[EventDate "2020.10.04"]
[EventType "swiss"]
[Tiebreak "Sum of Buchholz+Median1 Buchholz+Sonneborn-Berger (Swiss)"]

1. e4 c5 2. Nf3 Nc6 3. d4 cxd4 4. Nxd4 Nf6 5. Nc3 e5 6. Ndb5 d6 7. a4 a6 8. Na3
Be7 9. Bc4 O-O 10. O-O b6 11. Nd5 Bb7 12. f3 h6 13. Be3 Nxd5 14. Bxd5 Na5 15.
Bxb7 Nxb7 16. Nc4 Nc5 17. Bxc5 bxc5 18. Qd5 Qc7 19. Rfd1 Rfd8 20. a5 Rab8 21.
Nb6 Bg5 22. Ra3 g6 23. Qc4 Qa7 24. Rad3 Be7 25. Rd5 Kg7 26. Qd3 Rb7 27. Kh1
Rbb8 28. b3 Bf8 29. Nc4 Qc7 30. Nxe5 Be7 31. Nc4 Kg8 32. Qd2 Rb4 33. e5 Bf8 34.
exd6 Qc6 35. Qe3 Rb5 36. Qf4 Bg7 37. Ne5 Bxe5 38. Qxe5 Re8 39. Qc3 Rd8 40. h4
h5 41. Qf6 Qd7 42. Re5 Rf8 43. Re7 Qd8 44. d7 Rb8 45. Rd6 Qxa5 46. Rxa6 Qc7 47.
Qg5 c4 48. Rxg6+ fxg6 49. Qxg6+ Kh8 50. Qh7# 1-0

[Event "XXVI Ogolnopolska Olimpiada Mlodziezy"]
[Site "Pulawy"]
[Date "2020.10.08"]
[Round "6.16"]
[White "Jeda, Maciej"]
[Black "Kusiak, Mateusz"]
[Result "1-0"]
[WhiteElo "1768"]
[BlackElo "1578"]
[PlyCount "129"]
[EventDate "2020.10.04"]
[EventType "swiss"]
[Tiebreak "Sum of Buchholz+Median1 Buchholz+Sonneborn-Berger (Swiss)"]

1. e4 c5 2. Nf3 Nc6 3. d4 cxd4 4. Nxd4 Nf6 5. Nc3 d6 6. Be2 e5 7. Nb3 h6 8. O-O
Be7 9. f4 Qb6+ 10. Kh1 Be6 11. f5 Bd7 12. Bc4 a5 13. a4 Nb4 14. Qe2 Rc8 15. Bb5
Bc6 16. Be3 Qc7 17. Bf2 h5 18. Na2 Bxb5 19. Qxb5+ Qc6 20. Qxc6+ Nxc6 21. Nd2
Nb4 22. Nxb4 axb4 23. Rac1 Ng4 24. Nf3 O-O 25. h3 Nf6 26. Rfe1 Rc4 27. Nd2 Rc6
28. b3 Nd7 29. Nc4 Rfc8 30. Rcd1 Nc5 31. Bxc5 Rxc5 32. Nb6 R8c6 33. Nd5 Bh4 34.
Rf1 Rc8 35. Nxb4 b5 36. a5 R5c7 37. Rd5 Bg5 38. Rxb5 Bd2 39. Nd5 Ra7 40. c4 Rc5
41. Ra1 Ra6 42. Ra2 Bg5 43. Rxc5 dxc5 44. Nc7 Ra7 45. Nb5 Ra6 46. Nc7 Ra7 47.
a6 Rxc7 48. a7 Rxa7 49. Rxa7 Bd2 50. Rc7 Bb4 51. Rc8+ Kh7 52. Kg1 f6 53. Kf1 h4
54. Rb8 Bc3 55. Rb5 Kh6 56. Rxc5 Kg5 57. Ke2 Kf4 58. Kd3 Bd4 59. Rc7 Kg3 60.
Rxg7+ Kh2 61. Ke2 Kg1 62. Kf3 Bf2 63. Rf7 Kh2 64. Kxf2 Kh1 65. Rxf6 1-0

[Event "XXVI Ogolnopolska Olimpiada Mlodziezy"]
[Site "Pulawy"]
[Date "2020.10.08"]
[Round "6.16"]
[White "Peksa, Zuzanna"]
[Black "Niedorys, Karolina"]
[Result "1/2-1/2"]
[WhiteElo "1267"]
[BlackElo "1364"]
[PlyCount "84"]
[EventDate "2020.10.04"]
[EventType "swiss"]
[Tiebreak "Sum of Buchholz+Median1 Buchholz+Sonneborn-Berger (Swiss)"]

1. e4 c6 2. d4 d5 3. Nd2 dxe4 4. Nxe4 Bf5 5. Bd3 e6 6. Nf3 Qc7 7. O-O Nd7 8.
Re1 Bxe4 9. Bxe4 Ngf6 10. a3 O-O-O 11. b4 Nb6 12. Bb2 Na4 13. Qc1 h6 14. c4 g5
15. d5 Nxb2 16. Qxb2 Bg7 17. dxc6 bxc6 18. Rab1 g4 19. Nh4 Nxe4 20. Qxg7 Qf4
21. Qb2 Ng5 22. b5 c5 23. b6 a6 24. Re5 Qd4 25. Qxd4 cxd4 26. b7+ Kb8 27. f4
Nh7 28. c5 d3 29. Kf2 d2 30. Ke2 d1=Q+ 31. Rxd1 Rxd1 32. Kxd1 Kxb7 33. h3 Rd8+
34. Ke2 gxh3 35. gxh3 Nf6 36. Nf3 Rd5 37. Rxd5 Nxd5 38. Ne5 Nxf4+ 39. Ke3 Nd5+
40. Kd4 f6 41. Nf7 Kc6 42. Nxh6 Nf4 1/2-1/2

[Event "XXVI Ogolnopolska Olimpiada Mlodziezy"]
[Site "Pulawy"]
[Date "2020.10.08"]
[Round "6.17"]
[White "Grzesik, Nikola"]
[Black "Zalewska, Malgorzata"]
[Result "1/2-1/2"]
[WhiteElo "1340"]
[BlackElo "1201"]
[PlyCount "104"]
[EventDate "2020.10.04"]
[EventType "swiss"]
[Tiebreak "Sum of Buchholz+Median1 Buchholz+Sonneborn-Berger (Swiss)"]

1. c4 c5 2. Nc3 d6 3. g3 g6 4. Bg2 Bg7 5. e3 e5 6. Nge2 Nc6 7. O-O Nge7 8. d3
O-O 9. Rb1 f5 10. Nd5 Be6 11. Nec3 Rb8 12. a3 a6 13. b4 Kh8 14. Bd2 g5 15. Re1
Ng6 16. bxc5 dxc5 17. Na4 Qd6 18. Rb6 f4 19. Nac3 Qd7 20. Na4 Qf7 21. Nxc5 fxg3
22. fxg3 Bg4 23. Qxg4 Qf2+ 24. Kh1 Qxd2 25. Qe2 Qxe2 26. Rxe2 Rf7 27. Reb2 e4
28. d4 Na5 29. R6b4 Rc8 30. Rc2 Bf8 31. Bxe4 Bxc5 32. dxc5 Rxc5 33. Kg2 Ne5 34.
Nb6 Ng4 35. Re2 Re7 36. Bd3 Rxe3 37. Rxe3 Nxe3+ 38. Kf2 Ng4+ 39. Kg2 Re5 40. h3
Ne3+ 41. Kf3 Nc6 42. Rb1 Nd4+ 43. Kf2 Nec2 44. Nd7 Re3 45. Bxc2 Nxc2 46. Rxb7
Re7 47. Nc5 Rxb7 48. Nxb7 Nxa3 49. Na5 Kg7 50. Ke2 Kf6 51. Kd2 Ke5 52. Ke3 Nc2+
{Ke4+} 1/2-1/2

[Event "XXVI Ogolnopolska Olimpiada Mlodziezy"]
[Site "Pulawy"]
[Date "2020.10.08"]
[Round "6.17"]
[White "Jarocki, Gabriel"]
[Black "Malinowski, Szymon"]
[Result "0-1"]
[WhiteElo "1510"]
[BlackElo "1740"]
[PlyCount "100"]
[EventDate "2020.10.04"]
[EventType "swiss"]
[Tiebreak "Sum of Buchholz+Median1 Buchholz+Sonneborn-Berger (Swiss)"]

1. e4 c6 2. d4 d5 3. e5 Bf5 4. h4 h6 5. Nf3 e6 6. Bd3 Bxd3 7. Qxd3 c5 8. c3 Nc6
9. Be3 Rc8 10. O-O cxd4 11. cxd4 Nge7 12. Nc3 a6 13. a3 Nf5 14. g3 Be7 15. b4
b5 16. Ne2 O-O 17. Nd2 Na7 18. Rac1 Qb6 19. f4 a5 20. bxa5 Qxa5 21. Ra1 Qa4 22.
Nc3 Qa5 23. Ne2 Rc7 24. Bf2 Rfc8 25. Nf3 h5 26. Nh2 Qa4 27. g4 hxg4 28. Nxg4
Rc2 29. Ne3 Nxe3 30. Qxe3 Qc4 31. Rae1 Bd8 32. f5 Ba5 33. f6 Bd2 34. Qg3 g6 35.
h5 g5 36. Be3 Bxe1 37. Qxg5+ Kf8 38. Nf4 Ke8 39. Nxe6 Kd7 40. Nc5+ Rxc5 41.
dxc5 Qe2 42. e6+ fxe6 43. Qg7+ Kc6 44. Bf4 Bf2+ 45. Kh2 Qxh5+ 46. Kg2 Be3+ 47.
Kg3 Bxf4+ 48. Rxf4 Qh2+ 49. Kg4 Rg2+ 50. Kf3 Qh3+ 0-1

[Event "XXVI Ogolnopolska Olimpiada Mlodziezy"]
[Site "Pulawy"]
[Date "2020.10.08"]
[Round "6.17"]
[White "Zmuda, Tomasz"]
[Black "Zieba, Hubert"]
[Result "1/2-1/2"]
[WhiteElo "1309"]
[BlackElo "1424"]
[PlyCount "84"]
[EventDate "2020.10.04"]
[EventType "swiss"]
[Tiebreak "Sum of Buchholz+Median1 Buchholz+Sonneborn-Berger (Swiss)"]

1. e4 c5 2. Nf3 Nc6 3. d4 cxd4 4. Nxd4 g6 5. Nc3 Bg7 6. Be3 Nf6 7. Bc4 O-O 8.
Bb3 d6 9. f3 Bd7 10. Qd2 Qa5 11. O-O-O Rfc8 12. Kb1 Ne5 13. g4 Nc4 14. Bxc4
Rxc4 15. Nb3 Qa6 16. e5 Ne8 17. exd6 Nxd6 18. Nd5 Re8 19. Nxe7+ Rxe7 20. Qxd6
Qxd6 21. Rxd6 Rxe3 22. Rxd7 Rb4 23. f4 h6 24. f5 gxf5 25. gxf5 Rf3 26. a3 Rb5
27. Rg1 Rfxf5 28. Nd4 Rg5 29. Nxb5 Rxg1+ 30. Ka2 a6 31. Nd6 b5 32. Nxf7 Rg2 33.
Rc7 Rxh2 34. Nd6 h5 35. Nf5 Rg2 36. Nxg7 Rxg7 37. Rc8+ Kh7 38. Rc5 Kh6 39. c4
bxc4 40. Rxc4 Rg6 41. a4 Kg5 42. Rc5+ Kg4 1/2-1/2

[Event "XXVI Ogolnopolska Olimpiada Mlodziezy"]
[Site "Pulawy"]
[Date "2020.10.08"]
[Round "6.18"]
[White "Labedz, Gabriela"]
[Black "Olszewska, Wiktoria"]
[Result "1-0"]
[WhiteElo "1240"]
[BlackElo "1317"]
[PlyCount "43"]
[EventDate "2020.10.04"]
[EventType "swiss"]
[Tiebreak "Sum of Buchholz+Median1 Buchholz+Sonneborn-Berger (Swiss)"]

1. e4 c5 2. Nf3 d6 3. d4 cxd4 4. Nxd4 Nf6 5. Nc3 a6 6. Bg5 e6 7. f4 Be7 8. Qf3
Qc7 9. O-O-O Nbd7 10. g4 b5 11. Bxf6 Nxf6 12. g5 Nd7 13. f5 Bxg5+ 14. Kb1 Nc5
15. Bxb5+ axb5 16. Ndxb5 Qb8 17. Nxd6+ Ke7 18. Nxf7 Kxf7 19. fxe6+ Kxe6 20.
Qf5+ Ke7 21. Qxg5+ Ke8 22. Rd8+ 1-0

[Event "XXVI Ogolnopolska Olimpiada Mlodziezy"]
[Site "Pulawy"]
[Date "2020.10.08"]
[Round "6.18"]
[White "Makarec, Anna"]
[Black "Jaros, Emilia"]
[Result "1/2-1/2"]
[WhiteElo "1103"]
[BlackElo "1295"]
[PlyCount "84"]
[EventDate "2020.10.04"]
[EventType "swiss"]
[Tiebreak "Sum of Buchholz+Median1 Buchholz+Sonneborn-Berger (Swiss)"]

1. e4 e5 2. Nf3 Nc6 3. Bb5 d6 4. d4 exd4 5. Nxd4 Bd7 6. O-O Nf6 7. Re1 Be7 8.
Nc3 O-O 9. Bxc6 Bxc6 10. Nxc6 bxc6 11. e5 dxe5 12. Rxe5 Qxd1+ 13. Nxd1 Bd6 14.
Re1 Nd5 15. Ne3 Rfe8 16. Bd2 Rab8 17. Nc4 c5 18. Rxe8+ Rxe8 19. c3 f6 20. Rd1
Nb6 21. Na3 a6 22. Be3 g5 23. b3 Re5 24. h3 h6 25. Kf1 f5 26. c4 Nd7 27. Bc1
Kf7 28. Bb2 Re6 29. Nb1 c6 30. Nc3 g4 31. hxg4 fxg4 32. Ne4 Ke7 33. Nxd6 Rxd6
34. Rxd6 Kxd6 35. Ke2 Ke6 36. Ke3 Kf5 37. g3 h5 38. Kd3 Nf8 39. Ke3 Ne6 40. Ba3
Ke5 41. Bb2+ Kf5 42. Ba3 Ke5 {Ke4+} 1/2-1/2

[Event "XXVI Ogolnopolska Olimpiada Mlodziezy"]
[Site "Pulawy"]
[Date "2020.10.08"]
[Round "6.18"]
[White "Rosa, Antoni"]
[Black "Wandor, Adam"]
[Result "1/2-1/2"]
[WhiteElo "1419"]
[BlackElo "1308"]
[PlyCount "90"]
[EventDate "2020.10.04"]
[EventType "swiss"]
[Tiebreak "Sum of Buchholz+Median1 Buchholz+Sonneborn-Berger (Swiss)"]

1. c4 c5 2. Nc3 Nc6 3. g3 g6 4. Bg2 Bg7 5. Nf3 e6 6. d3 Nge7 7. Be3 d6 8. Qd2
O-O 9. h4 h5 10. Bh3 f5 11. Bh6 b6 12. Bxg7 Kxg7 13. Ng5 d5 14. cxd5 exd5 15.
Bg2 d4 16. Nb5 a6 17. Na3 Qc7 18. Nc4 Rf6 19. Qf4 Qxf4 20. gxf4 Rb8 21. Ne5
Nxe5 22. fxe5 Rf8 23. f4 Kh6 24. Kd2 Bb7 25. Bxb7 Rxb7 26. Rac1 Nd5 27. Rhf1
Re7 28. Rf3 a5 29. Nh3 Ne3 30. Rxe3 dxe3+ 31. Kxe3 Rd8 32. Ng5 Rd4 33. Nf3 Rb4
34. Rc2 Rd7 35. a3 Rb5 36. Nd2 a4 37. Nc4 Kg7 38. Kd2 Kh7 39. Rc1 Kg7 40. Kc2
Kh6 41. Rg1 Rb3 42. Rg3 Rd4 43. Rf3 Rd7 44. Re3 Re7 45. Nd6 b5 1/2-1/2

[Event "XXVI Ogolnopolska Olimpiada Mlodziezy"]
[Site "Pulawy"]
[Date "2020.10.08"]
[Round "6.18"]
[White "Rzenca, Jerzy"]
[Black "Myrmus, Mateusz"]
[Result "1-0"]
[WhiteElo "1584"]
[BlackElo "1826"]
[PlyCount "43"]
[EventDate "2020.10.04"]
[EventType "swiss"]
[Tiebreak "Sum of Buchholz+Median1 Buchholz+Sonneborn-Berger (Swiss)"]

1. c4 Nf6 2. g3 d5 3. Bg2 g6 4. b3 dxc4 5. bxc4 Qd4 6. Qa4+ Bd7 7. Qb3 Qxa1 8.
Bxb7 Bg7 9. Bxa8 O-O 10. Bg2 Na6 11. Qc2 Ba4 12. Qxa4 Rb8 13. Nf3 Rxb1 14. O-O
Nc5 15. Qxa7 Rxc1 16. Qxc5 Rxf1+ 17. Bxf1 Qxa2 18. Qxc7 Ne4 19. Qxe7 Qc2 20. d3
Nd2 21. Qe8+ Bf8 22. Ne5 1-0

[Event "XXVI Ogolnopolska Olimpiada Mlodziezy"]
[Site "Pulawy"]
[Date "2020.10.08"]
[Round "6.19"]
[White "Bartnik, Michal"]
[Black "Dobosiewicz, Dawid"]
[Result "1/2-1/2"]
[WhiteElo "1278"]
[BlackElo "1390"]
[PlyCount "149"]
[EventDate "2020.10.04"]
[EventType "swiss"]
[Tiebreak "Sum of Buchholz+Median1 Buchholz+Sonneborn-Berger (Swiss)"]

1. c4 e5 2. Nc3 Nc6 3. g3 Bc5 4. Bg2 d6 5. d3 a6 6. e4 f5 7. Nge2 Nf6 8. O-O
O-O 9. h3 fxe4 10. dxe4 Be6 11. Nd5 Qd7 12. Kh2 Nd4 13. Be3 Nxe2 14. Qxe2 Bxd5
15. cxd5 b6 16. a3 a5 17. Rab1 Qa4 18. Qd3 Bxe3 19. Qxe3 Nd7 20. Rfc1 Rac8 21.
b4 Nb8 22. Bf1 axb4 23. axb4 Rf7 24. Be2 Rcf8 25. Rf1 c5 26. bxc5 bxc5 27. Bg4
Kh8 28. Rb6 Rf6 29. Kg2 Qc2 30. Be6 h6 31. Rxd6 c4 32. Rb6 c3 33. Rb5 Na6 34.
Bf5 Qd2 35. Qxd2 cxd2 36. Rb2 g6 37. Bg4 h5 38. Bd1 Nc5 39. Rxd2 Nxe4 40. Ra2
Nc3 41. Rd2 Rd6 42. Re1 Rfd8 43. Rxe5 Rxd5 44. Rdxd5 Rxd5 45. Rxd5 Nxd5 46. Bf3
Nf6 47. Bc6 Kg7 48. f4 Kf7 49. Kf3 Ke6 50. Be4 Kf7 51. Bc2 Nh7 52. Bd3 Nf6 53.
g4 hxg4+ 54. hxg4 Kg7 55. g5 Nd7 56. Kg4 Kf7 57. Kf3 Nf8 58. Ke4 Ke6 59. Bc4+
Kd6 60. Bf7 Ke7 61. Ba2 Kd6 62. Bf7 Ke7 63. Bxg6 Nxg6 64. f5 Kf7 65. Kd5 Ne7+
66. Ke5 Nxf5 67. Kxf5 Kg7 68. g6 Kg8 69. Ke6 Kg7 70. Kf5 Kg8 71. Kg5 Kg7 72.
Kh5 Kg8 73. Kh6 Kh8 74. g7+ Kg8 75. Kg6 1/2-1/2

[Event "XXVI Ogolnopolska Olimpiada Mlodziezy"]
[Site "Pulawy"]
[Date "2020.10.08"]
[Round "6.19"]
[White "Ciszewski, Krzysztof"]
[Black "Zeissel, Andrzej"]
[Result "0-1"]
[WhiteElo "1784"]
[BlackElo "1437"]
[PlyCount "72"]
[EventDate "2020.10.04"]
[EventType "swiss"]
[Tiebreak "Sum of Buchholz+Median1 Buchholz+Sonneborn-Berger (Swiss)"]

1. d4 f5 2. c4 Nf6 3. Nc3 g6 4. h4 Bg7 5. Nh3 Nc6 6. e3 d6 7. Nf4 e5 8. dxe5
dxe5 9. Nfd5 Be6 10. a3 Qd7 11. Be2 O-O-O 12. Nxf6 Bxf6 13. Qxd7+ Rxd7 14. Rb1
Rhd8 15. e4 Nd4 16. Bg5 Bxg5 17. hxg5 Nxe2 18. Nxe2 Bxc4 19. exf5 gxf5 20. Rh6
Bxe2 21. Kxe2 Rg8 22. Re6 e4 23. Ke3 Rxg5 24. g3 Rgg7 25. Kf4 Rd5 26. Rh1 Rd2
27. Kxf5 Rxf2+ 28. Ke5 e3 29. Rd1 b6 30. Ke4 Rxg3 31. b4 e2 32. Re1 Rxa3 33.
Kd4 Rf4+ 34. Kd5 Rxb4 35. Kc6 Rc3+ 36. Kd5 Rc5# {Kd4} 0-1

[Event "XXVI Ogolnopolska Olimpiada Mlodziezy"]
[Site "Pulawy"]
[Date "2020.10.08"]
[Round "6.19"]
[White "Mazurek, Maja"]
[Black "Para, Aleksandra"]
[Result "1/2-1/2"]
[WhiteElo "1220"]
[BlackElo "1191"]
[PlyCount "65"]
[EventDate "2020.10.04"]
[EventType "swiss"]
[Tiebreak "Sum of Buchholz+Median1 Buchholz+Sonneborn-Berger (Swiss)"]

1. d4 Nf6 2. c4 e6 3. Nc3 Bb4 4. Qc2 b6 5. Bg5 Bb7 6. a3 Bxc3+ 7. Qxc3 O-O 8.
e3 d6 9. Nf3 Nbd7 10. Be2 c5 11. O-O Rc8 12. Rfd1 Qe7 13. Rac1 Rfd8 14. Qc2 h6
15. Bxf6 Nxf6 16. h3 Be4 17. Qb3 d5 18. Ne5 dxc4 19. Bxc4 cxd4 20. exd4 Nd7 21.
Nxd7 Qxd7 22. Bb5 Qb7 23. f3 Bd5 24. Qd3 Qb8 25. Ba6 Bb7 26. Rxc8 Qxc8 27. Bxb7
Qxb7 28. Qe4 Qc7 29. Qe2 Rd5 30. Rd2 Qd6 31. Qc4 Qf4 32. Rd3 Rd8 33. Kf2
1/2-1/2

[Event "XXVI Ogolnopolska Olimpiada Mlodziezy"]
[Site "Pulawy"]
[Date "2020.10.08"]
[Round "6.20"]
[White "Drzewiecki, Milosz"]
[Black "Grzadka, Artur"]
[Result "0-1"]
[WhiteElo "1246"]
[BlackElo "1723"]
[PlyCount "102"]
[EventDate "2020.10.04"]
[EventType "swiss"]
[Tiebreak "Sum of Buchholz+Median1 Buchholz+Sonneborn-Berger (Swiss)"]

1. e4 c6 2. d4 d5 3. exd5 cxd5 4. Be3 Nc6 5. Nf3 Nf6 6. Bb5 Bg4 7. Nbd2 e6 8.
O-O Bd6 9. c4 O-O 10. Rc1 dxc4 11. Nxc4 Rc8 12. Bg5 Be7 13. Bxc6 Rxc6 14. Qd3
Bxf3 15. Qxf3 Qxd4 16. Rfd1 Qc5 17. Be3 Qb5 18. b3 a6 19. Bd4 Qd5 20. Qe3 Qh5
21. Qg3 Rfc8 22. Be5 b5 23. Bd6 Ne4 24. Qf4 Nxd6 25. Nxd6 Rxc1 26. Rxc1 Rxc1+
27. Qxc1 Bxd6 28. Qc8+ Bf8 29. h3 Qd1+ 30. Kh2 Qd6+ 31. Kg1 g6 32. g3 Kg7 33.
Qc3+ e5 34. h4 h5 35. Qe3 Be7 36. Qe4 Bf6 37. Qb7 Qa3 38. Qc8 Qxa2 39. b4 Qb1+
40. Kh2 Qxb4 41. Qxa6 Qb2 42. Kg2 b4 43. Qc4 Qc3 44. Qe2 b3 45. g4 hxg4 46.
Qxg4 Qd4 47. Qf3 b2 48. h5 b1=Q 49. h6+ Kxh6 50. Qxf6 Qg4+ 51. Kh2 Qbg1# 0-1

[Event "XXVI Ogolnopolska Olimpiada Mlodziezy"]
[Site "Pulawy"]
[Date "2020.10.08"]
[Round "6.20"]
[White "Staniewicz, Adrianna"]
[Black "Dumin, Karolina"]
[Result "1-0"]
[WhiteElo "1382"]
[BlackElo "1014"]
[PlyCount "89"]
[EventDate "2020.10.04"]
[EventType "swiss"]
[Tiebreak "Sum of Buchholz+Median1 Buchholz+Sonneborn-Berger (Swiss)"]

1. e4 d5 2. exd5 Qxd5 3. Nc3 Qd6 4. d4 Nc6 5. Bb5 a6 6. Bxc6+ Qxc6 7. Qf3 Qxf3
8. Nxf3 e6 9. Bf4 c6 10. O-O-O Nf6 11. Na4 Nd5 12. Bd2 Bd6 13. c4 Nf4 14. Bxf4
Bxf4+ 15. Kc2 b5 16. Nb6 Rb8 17. Nxc8 Rxc8 18. c5 Ke7 19. g3 Bh6 20. a4 g6 21.
axb5 axb5 22. Ra1 Ra8 23. Ne5 Rac8 24. Ra7+ Kf8 25. Nxf7 Rg8 26. Nxh6 Rg7 27.
Rha1 Rd8 28. Kc3 Rdd7 29. Rxd7 Rxd7 30. Ng4 Kg7 31. Ra6 Rc7 32. Ne5 h5 33. Rxc6
Rxc6 34. Nxc6 Kf6 35. Na7 Ke7 36. Nxb5 Kd7 37. Kc4 Kc6 38. b4 g5 39. Nd6 g4 40.
b5+ Kc7 41. d5 exd5+ 42. Kxd5 Kd7 43. b6 Kd8 44. c6 Ke7 45. Ke4 1-0

[Event "XXVI Ogolnopolska Olimpiada Mlodziezy"]
[Site "Pulawy"]
[Date "2020.10.08"]
[Round "6.20"]
[White "Tarlowski, Bartosz"]
[Black "Jaszczuk, Piotr"]
[Result "0-1"]
[WhiteElo "1145"]
[BlackElo "1312"]
[PlyCount "132"]
[EventDate "2020.10.04"]
[EventType "swiss"]
[Tiebreak "Sum of Buchholz+Median1 Buchholz+Sonneborn-Berger (Swiss)"]

1. e4 c5 2. d4 cxd4 3. c3 e5 4. Nf3 Nc6 5. cxd4 exd4 6. Nxd4 Bc5 7. Nb3 Bb6 8.
Be2 Nf6 9. Nc3 d6 10. Bf4 Bc7 11. O-O O-O 12. Kh1 Be6 13. f3 Nh5 14. Be3 Re8
15. Rc1 Rc8 16. Nd5 Bxd5 17. Qxd5 Nf6 18. Qd2 d5 19. Bg5 dxe4 20. Qxd8 Bxd8 21.
fxe4 Nxe4 22. Bxd8 Rcxd8 23. Bc4 Ne5 24. Bb5 Rf8 25. Rce1 f5 26. g4 Nxg4 27.
Bc4+ Kh8 28. Be6 Nh6 29. Bxf5 Nxf5 30. Rxe4 Ng3+ 31. hxg3 Rxf1+ 32. Kg2 Rdf8
33. Nd4 h5 34. Re2 R1f6 35. Rc2 g5 36. Re2 g4 37. Rc2 a6 38. Re2 Rd8 39. Nb3
Rdf8 40. Nc5 R8f7 41. Nb3 b6 42. Rc2 Re7 43. Nd4 Re4 44. Nb3 Rfe6 45. Kf2 a5
46. Nc1 Re3 47. Nb3 Rf3+ 48. Kg2 Ree3 49. Rc8+ Kg7 50. Rc7+ Kf8 51. Rc8+ Ke7
52. Nd4 Rxg3+ 53. Kf2 Rgf3+ 54. Nxf3 Rxf3+ 55. Kg2 h4 56. Rg8 h3+ 57. Kh2 Rf2+
58. Kg3 Rg2+ 59. Kf4 h2 60. Rh8 g3 61. Kf3 Rg1 62. a3 h1=Q+ 63. Rxh1 Rxh1 64.
Kxg3 Rb1 65. b4 axb4 66. axb4 Rxb4 0-1

[Event "XXVI Ogolnopolska Olimpiada Mlodziezy"]
[Site "Pulawy"]
[Date "2020.10.08"]
[Round "6.21"]
[White "Duda, Leon"]
[Black "Micula, Jakub"]
[Result "0-1"]
[WhiteElo "1388"]
[BlackElo "1370"]
[PlyCount "52"]
[EventDate "2020.10.04"]
[EventType "swiss"]
[Tiebreak "Sum of Buchholz+Median1 Buchholz+Sonneborn-Berger (Swiss)"]

1. e4 c5 2. Nf3 d6 3. d4 cxd4 4. Nxd4 Nf6 5. Nc3 a6 6. Be2 e5 7. Nf3 Be7 8. O-O
h6 9. Be3 Be6 10. h3 O-O 11. Qd2 b5 12. a3 Nbd7 13. Bd3 Qc7 14. Nh4 Rac8 15.
Nf5 Bxf5 16. exf5 d5 17. Bxh6 gxh6 18. Qxh6 Qd6 19. g4 d4 20. Qg5+ Kh8 21. Qh4+
Nh7 22. f6 Ndxf6 23. g5 Rg8 24. Kh1 Rxg5 25. Ne4 Nxe4 26. Bxe4 Rg1+ 0-1

[Event "XXVI Ogolnopolska Olimpiada Mlodziezy"]
[Site "Pulawy"]
[Date "2020.10.08"]
[Round "6.21"]
[White "Golinska, Patrycja"]
[Black "Tim, Anna"]
[Result "1-0"]
[WhiteElo "1264"]
[BlackElo "1237"]
[PlyCount "41"]
[EventDate "2020.10.04"]
[EventType "swiss"]
[Tiebreak "Sum of Buchholz+Median1 Buchholz+Sonneborn-Berger (Swiss)"]

1. e4 e6 2. d3 d5 3. Nd2 c5 4. Ngf3 Nc6 5. g3 Bd6 6. Bg2 Nge7 7. O-O O-O 8. Re1
Ng6 9. Nf1 b5 10. h4 Ba6 11. N1h2 Qc7 12. Ng4 f5 13. exf5 exf5 14. Ne3 d4 15.
Nd5 Qb8 16. Qe2 Bc8 17. Ng5 Bd7 18. Qh5 Re8 19. Nf6+ Kf8 20. Nxd7+ Kg8 21.
Qxh7# 1-0

[Event "XXVI Ogolnopolska Olimpiada Mlodziezy"]
[Site "Pulawy"]
[Date "2020.10.08"]
[Round "6.21"]
[White "Najdecka, Laura"]
[Black "Wojs, Alicja"]
[Result "1/2-1/2"]
[WhiteElo "1106"]
[BlackElo "1392"]
[PlyCount "96"]
[EventDate "2020.10.04"]
[EventType "swiss"]
[Tiebreak "Sum of Buchholz+Median1 Buchholz+Sonneborn-Berger (Swiss)"]

1. c4 e6 2. Nc3 d5 3. cxd5 exd5 4. d4 c6 5. Nf3 Nf6 6. Bf4 Bf5 7. h3 Be7 8. e3
Nbd7 9. Bd3 Bg6 10. O-O O-O 11. Qc2 Re8 12. Rab1 Nf8 13. b4 a6 14. a4 Bxd3 15.
Qxd3 Ng6 16. Bh2 Bd6 17. Bxd6 Qxd6 18. b5 axb5 19. axb5 Ne4 20. Nd2 f5 21. bxc6
bxc6 22. Ra1 Nh4 23. Ncxe4 fxe4 24. Qe2 c5 25. dxc5 Qxc5 26. Rfc1 Rxa1 27. Rxa1
Rb8 28. Qg4 Ng6 29. Qe6+ Kh8 30. Nf1 Nf8 31. Qf5 Qc6 32. Ng3 Nd7 33. Rd1 Nb6
34. Nh5 Qd6 35. Nf4 Rd8 36. Qe6 Qxe6 37. Nxe6 Rd6 38. Nd4 Kg8 39. f3 Nc4 40.
Kf2 Rd7 41. fxe4 dxe4 42. Rc1 Nb2 43. Rc2 Nd3+ 44. Ke2 Kf7 45. Rc6 g6 46. Nb3
Ne5 47. Ra6 Rc7 48. Nd4 Rd7 1/2-1/2

[Event "XXVI Ogolnopolska Olimpiada Mlodziezy"]
[Site "Pulawy"]
[Date "2020.10.08"]
[Round "6.21"]
[White "Trzebinski, Patryk"]
[Black "Podlewski, Szymon"]
[Result "1-0"]
[WhiteElo "1837"]
[BlackElo "1526"]
[PlyCount "63"]
[EventDate "2020.10.04"]
[EventType "swiss"]
[Tiebreak "Sum of Buchholz+Median1 Buchholz+Sonneborn-Berger (Swiss)"]

1. e4 e5 2. Bc4 Nc6 3. Nf3 d6 4. d4 Nxd4 5. Nxd4 exd4 6. Qxd4 Nf6 7. Bg5 Be7 8.
Nc3 h6 9. Be3 O-O 10. f3 a6 11. O-O-O Nh7 12. g4 Ng5 13. Rdf1 Nh7 14. f4 Bf6
15. e5 dxe5 16. Qxd8 Bxd8 17. fxe5 Bg5 18. Bxg5 Nxg5 19. h4 Ne6 20. g5 h5 21.
Nd5 Bd7 22. Ne7+ Kh7 23. Rxf7 Rxf7 24. g6+ Kh6 25. gxf7 Rf8 26. Bd3 g6 27. Rf1
Bb5 28. Rf6 Bxd3 29. cxd3 Nc5 30. Nxg6 Nxd3+ 31. Kc2 Nb4+ 32. Kb3 1-0

[Event "XXVI Ogolnopolska Olimpiada Mlodziezy"]
[Site "Pulawy"]
[Date "2020.10.08"]
[Round "6.22"]
[White "Biniak, Zuzanna"]
[Black "Pieczewska, Jadwiga"]
[Result "1-0"]
[WhiteElo "1339"]
[BlackElo "1060"]
[PlyCount "113"]
[EventDate "2020.10.04"]
[EventType "swiss"]
[Tiebreak "Sum of Buchholz+Median1 Buchholz+Sonneborn-Berger (Swiss)"]

1. e4 e6 2. d4 d5 3. e5 c5 4. c3 Nc6 5. Nf3 Qb6 6. a3 Nge7 7. b4 cxd4 8. cxd4
Nf5 9. Bb2 Be7 10. Be2 Bd7 11. O-O O-O 12. g4 Nh4 13. Nxh4 Bxh4 14. Qd3 f5 15.
f4 h6 16. gxf5 exf5 17. Nd2 Be6 18. Nb3 a6 19. Nc5 Nb8 20. Bf3 Rd8 21. Qb3 Be7
22. Rad1 a5 23. Na4 Qb5 24. Nc3 Qd7 25. b5 b6 26. Rc1 g5 27. Na4 Qb7 28. fxg5
Bxg5 29. Rc2 Be3+ 30. Qxe3 Kh7 31. Bc1 Qg7+ 32. Rg2 Qf8 33. Bh5 Rd7 34. Bg6+
Kh8 35. Nxb6 Raa7 36. Nxd7 Rxd7 37. Qxh6+ Qxh6 38. Bxh6 Re7 39. Bxf5 Bf7 40.
Bg7+ Kg8 41. Bf6+ Kf8 42. Bxe7+ Kxe7 43. Bg6 Bxg6 44. Rxg6 Nd7 45. Rg7+ Ke8 46.
Rff7 Nf8 47. Ra7 Ne6 48. Ra8+ Nd8 49. Rg8+ Kf7 50. Rgxd8 Kg6 51. Ra6+ Kf5 52.
e6 Kf4 53. e7 Kf5 54. e8=Q Kf4 55. Rf6+ Kg5 56. Qg6+ Kh4 57. Rh8# 1-0